| 000 | 00947nam a2200301Ia 4500 | ||
|---|---|---|---|
| 001 | dia_2951 | ||
| 003 | CHAP | ||
| 005 | 20230328085733.0 | ||
| 008 | 220117s1994 xx 000 0 und d | ||
| 010 | _a173454 | ||
| 020 | _a92-5-303302-9 | ||
| 040 | _cCHAP | ||
| 082 | _a664.9029 Q56 1994 | ||
| 100 |
_aQuiroga Tapias, G. _993502 |
||
| 245 |
_aManual para la instalación del pequeño matadero modular de la FAO / _c G. Quiroga Tapias y J. L. García de Siles |
||
| 260 |
_aItalia : _b FAO, _c1994 |
||
| 300 | _a250 p. | ||
| 410 | _aPRODUCCION Y SANIDAD ANIMAL, 120 | ||
| 440 |
_aEstudio FAO producción y sanidad animal ; 120 _9153811 |
||
| 503 | _aC/e | ||
| 590 | _aTS1960 Q56 1994 | ||
| 650 |
_aMataderos _xManuales _9153812 |
||
| 700 |
_aGarcía de Siles, J. L., coaut. _9153813 |
||
| 901 | _a664.9029 Q56 1994 | ||
| 902 | _aM | ||
| 905 | _a5232271994 it nad 8226123322spa15 | ||
| 942 |
_cLIBRO _2ddc |
||
| 999 |
_c173454 _d173454 |
||